| 000 | 01022nam a2200313 i 4500 | ||
|---|---|---|---|
| 001 | bg | ||
| 100 | 1 | _aBODZEK, Michał | |
| 245 | 1 | 0 |
_aTechniki membranowe w ochronie środowiska / _cMichał Bodzek, Jolanta Bohdziewicz, Krystyna Konieczny. |
| 260 |
_aGliwice : _bWydaw. Politechniki Śląskiej, _c1997. |
||
| 300 |
_a444 s. : _brys., wykr. ; _c24 cm. |
||
| 504 | _aBibliogr. | ||
| 650 | 9 | _aFiltracja | |
| 650 | 9 |
_aWoda _xtechnologia |
|
| 650 | 9 |
_aŚcieki _xtechnologia |
|
| 650 | 9 |
_aPowietrze _xochrona |
|
| 650 | 9 |
_aInżynieria środowiska _xmetody |
|
| 650 | 9 |
_aTechnologia chemiczna _xmetody |
|
| 655 | _aPodręczniki akademickie | ||
| 700 | 1 | _aBOHDZIEWICZ, Jolanta | |
| 700 | 1 | _aKONIECZNY, Krystyna | |
| 020 | _a8385718974 | ||
| 040 | _cBPK | ||
| 041 | 0 | _apol | |
| 080 | _a628.1/.3:628.5:66](075.8) | ||
| 920 | _a83-85718-97-4 | ||
| 942 | _cKS | ||
| 008 | s pl f |000 0 pol | ||
| 999 |
_c45094 _d45094 |
||
| 856 |
_uhttp://koha.tu.koszalin.pl/cgi-bin/koha/opac-detail.pl?biblionumber=45094 _yKatalog online BPK |
||